Les codes francais: expliqués
Gespeichert in:
| 1. Verfasser: | |
|---|---|
| Format: | Buch |
| Sprache: | Französisch |
| Veröffentlicht: |
París
Henri Plon
1857
|
| Ausgabe: | 4a. ed |
| Schlagworte: | |
| Tags: |
Tag hinzufügen
Keine Tags, Fügen Sie den ersten Tag hinzu!
|
MARC
| LEADER | 00000nam a2200000 a 4500 | ||
|---|---|---|---|
| 001 | UCS2146 | ||
| 003 | CL-VaPUC | ||
| 008 | 970516e18570000FR |||||||||||||||||fre|d | ||
| 082 | 0 | 4 | |a 346.44 |b ROG |2 21 |
| 100 | 0 | |a Rogron, J. A |e author |9 387232 | |
| 245 | 1 | 4 | |a Les codes francais: expliqués |
| 250 | |a 4a. ed | ||
| 300 | |a 2 v | ||
| 942 | |c BK | ||
| 945 | |d 19970516 00:00:00 |a lriquelm | ||
| 260 | |a París |b Henri Plon |c 1857 | ||
| 500 | |a v.1: Constitutioin et Senatus-Consultes, Code Napoleón | ||
| 500 | |a v.2: Code de Procédure Civile, Code de Commerce | ||
| 650 | 0 | |a Jurisprudencia |9 255952 | |
| 650 | 7 | |a CONSTITUCIONALIDAD |2 CL-VaPUC |9 255951 | |
| 650 | 0 | |a Derecho constitucional |9 222588 | |
| 650 | 0 | |a Derecho civil |9 255013 | |
| 650 | 0 | |a Procedimiento civil |9 254870 | |
| 650 | 0 | |a Tribunales |9 254872 | |
| 650 | 0 | |a Código de comercio |9 329302 | |
| 651 | 0 | |a Francia |9 255157 | |
| 583 | |a last modification |c 20130926 06:26:05 |k Rodrigo Vera | ||
| 999 | |c 260137 |d 260135 | ||
| 952 | |0 0 |1 0 |4 0 |6 346_440000000000000_ROG_1857 |7 0 |8 X |9 285763 |a BIBDER |b BIBDER |d 2019-11-19 |h v.1 |i 1856308 |o 346.44 ROG 1857 |p 1856308 |r 2023-01-25 |w 2019-11-19 |y BK_X |k DER | ||
| 952 | |0 0 |1 0 |4 0 |6 346_440000000000000_ROG_1857 |7 0 |8 X |9 285764 |a BIBDER |b BIBDER |d 2019-11-19 |h v.2 |i 1856316 |o 346.44 ROG 1857 |p 1856316 |r 2023-01-25 |w 2019-11-19 |y BK_X |k DER | ||